000 00508nmm a2200169Ia 4500
008 251105s9999||||xx |||||||||||||||||und||
020 _a9788476584361
041 _aspa
100 _aAlazraki, Jaime
245 0 _aHacia Cortázar: aproximaciones a su obra
264 _a[Madrid, España] :
_bAnthropos,
_c1994
300 _a388 páginas
490 _aAutores, textos y temas. Literatura
650 _aLatin American literature
856 _uhttps://public.digitaliapublishing.com/a/66526
942 _cCF
999 _c85122
_d85122